000 00444pab a2200169 454500
008 180718b xxu||||| |||| 00| 0 eng d
100 _aGaiha, Raghav
245 _aAgricultural wages, population and technology in Asian countries
650 _a Wages
650 _a Technology
650 _a Population
650 _aAgricultural Wages
650 _aFarm Wages - Asia
700 _aSpinedi, Marco
773 _aAsian Survey
909 _a22160
999 _c22160
_d22160